00756nab a2200241 4500003000900000005001700009008004100026040001800067072002600085100002000111245003500131500001300166650001300179650001800192650001900210650000900229650001100238650002400249650002600273773018800299942000800487999001900495BR-BrBNA20250331220054.0250331b bl.||||| |||| 00| 0 por d aBR-BrBNAbpor aM11 ; E21 ; E16b8172 aAraújo, Carla aCota da sardinhabAgroeconomia a1 illus. aSARDINHA aPROCESSAMENTO aIMPORTAÇÃO aCOTA aTARIFA aCOMÉRCIO EXTERIOR aINDÚSTRIA PESQUEIRA0 017069346302dSão Paulo-SP Editora Três Ltda - E-mail: luizfsa@revistadinheiro.com.br 2004o2024-6956tDinheiro Rural (Brazil)x1807-3700gv. 3(20) p. 33; (Jun 2006)wBR2025000430 cANA c330762d330762